| 000 | 00421nam a2200181Ia 4500 | ||
|---|---|---|---|
| 001 | 10553 | ||
| 005 | 20260306161840.0 | ||
| 008 | 260306t1968||||xx |||||||||||||| ||spa|| | ||
| 041 | _aESP | ||
| 082 |
_a940.25 _bL21 T. 1 |
||
| 100 |
_aLamartine, A. de _eAUT |
||
| 245 | 0 | _aHistoria de la revolución francesa | |
| 260 | _c1968 | ||
| 300 |
_a _c18 cm. |
||
| 650 | _aGEN | ||
| 654 | _aCHU | ||
| 942 |
_cLIB _dJUS _fJUS _2ddc _n |
||
| 999 |
_c10553 _d10553 |
||